[Event "Mondiale Lampo FIDE 2017"]
[Site "Riyadh"]
[Date "30.12.2017"]
[Round "20.66"]
[White "Al Habeeb, Emad"]
[Black "Abdyjapar, Asyl"]
[Result "0-1"]
[BlackTitle "IM"]
[WhiteElo "1933"]
[BlackElo "2382"]
[WhiteFideId "21500029"]
[BlackFideId "13800337"]
[EventDate "2017.12.29"]

1. d4 Nf6 2. c4 e6 3. Nc3 c5 4. e3 cxd4 5. exd4 d5 6. Nf3 Nc6 7. Be2 dxc4 8.
Bxc4 Be7 9. O-O O-O 10. h3 a6 11. Bf4 b5 12. Bd3 Bb7 13. Rc1 g6 14. Be2 Nb4 15.
Bh6 Re8 16. a3 Nbd5 17. Ne5 Rc8 18. Nxd5 Bxd5 19. Qd2 Rxc1 20. Rxc1 Qa8 21. Bf1
Rc8 22. Rc3 Ne4 23. Rxc8+ Qxc8 24. Qf4 f6 25. Ng4 g5 26. Qe3 Qe8 27. f3 Nd6 28.
h4 Nf5 29. Qd3 Qg6 30. hxg5 fxg5 31. Ne5 Qxh6 32. Qc3 Qf8 33. Qc7 Nxd4 34. Bd3
Nf5 35. g4 Nh4 36. Kf2 Nxf3 37. Nxf3 Qxf3+ 0-1

[Event "Mondiale Lampo FIDE 2017"]
[Site "Riyadh"]
[Date "30.12.2017"]
[Round "20.67"]
[White "Al Abdali, Zeyad Saleh"]
[Black "Al Jabri, Mohammed Ali"]
[Result "0-1"]
[WhiteElo "1801"]
[BlackElo "2154"]
[WhiteFideId "21501505"]
[BlackFideId "7604734"]
[EventDate "2017.12.29"]

1. d4 d5 2. Nf3 Bf5 3. c4 e6 4. Nc3 c6 5. Bf4 Nf6 6. h3 h6 7. e3 Bd6 8. Ne5 O-O
9. Qb3 b6 10. Be2 Re8 11. O-O Be7 12. Rac1 Nfd7 13. cxd5 exd5 14. Rfe1 Nxe5 15.
Bxe5 Nd7 16. Bg3 Nf6 17. Bf3 Bd6 18. Bh4 Be7 19. Ne2 Qd7 20. Bg3 Ne4 21. Bh2 Nd2
22. Qd1 Nxf3+ 23. gxf3 Bxh3 24. Ng3 Bd6 25. e4 Bf4 26. Rc3 Rad8 27. Ne2 Bxh2+
28. Kxh2 Be6 29. Rg1 Qe7 30. Qf1 Qh4+ 31. Kg2 Qh3# 0-1

[Event "Mondiale Lampo FIDE 2017"]
[Site "Riyadh"]
[Date "30.12.2017"]
[Round "20.68"]
[White "Khader, Sami"]
[Black "Al Saidi, Mohammed Khalfan"]
[Result "0-1"]
[WhiteTitle "IM"]
[WhiteElo "2392"]
[BlackElo "1468"]
[WhiteFideId "8100500"]
[BlackFideId "22001271"]
[EventDate "2017.12.29"]

1. d4 Nf6 2. Nf3 d5 3. c4 e6 4. g3 c6 5. Bg2 Nbd7 6. O-O Be7 7. Nc3 O-O 8. Nd2
h6 9. e4 dxe4 10. Ndxe4 Nxe4 11. Nxe4 Nf6 12. Be3 Bd7 13. Qe2 Qc7 14. Rac1 Qa5
15. a3 Nxe4 16. Bxe4 Rac8 17. Rfd1 Rfd8 18. Bb1 Bf8 19. Bd2 Qb6 20. Bc3 Qc7 21.
h4 b6 22. Qd3 f5 23. Qf3 a5 24. d5 cxd5 25. cxd5 Qb7 26. Ba2 Kh8 27. Qf4 Kh7 28.
dxe6 Bc6 29. Qxf5+ Kh8 30. Qg6 Qe7 31. Qxh6+ Kg8 32. Qg6 Bf3 33. Rd7 Qc5 34.
Rxg7+ 0-1

[Event "Mondiale Lampo FIDE 2017"]
[Site "Riyadh"]
[Date "30.12.2017"]
[Round "20.69"]
[White "Alem, Ali Hussien"]
[Black "Al Mahmood, Salman"]
[Result "0-1"]
[WhiteElo "1745"]
[BlackElo "1593"]
[WhiteFideId "21500088"]
[BlackFideId "11201517"]
[EventDate "2017.12.29"]

1. g3 d5 2. Nf3 Nf6 3. d3 e6 4. Bg2 Be7 5. O-O O-O 6. Nbd2 c5 7. Re1 Nc6 8. e4
Re8 9. e5 Nd7 10. d4 cxd4 11. Nb3 Qc7 12. Nbxd4 Ncxe5 13. Nxe5 Nxe5 14. Bf4 Bf6
15. c3 g5 16. Nb5 Qb8 17. Be3 a6 18. Nd4 Bd7 19. Qc1 h6 20. h4 Qd8 21. b3 Nc6
22. hxg5 Bxg5 23. Nf3 f6 24. Nxg5 hxg5 25. c4 Ne5 26. cxd5 exd5 27. Bxd5+ Be6
28. Bxb7 Rb8 29. Bg2 Bg4 30. Bxg5 Nf3+ 0-1

[Event "Mondiale Lampo FIDE 2017"]
[Site "Riyadh"]
[Date "30.12.2017"]
[Round "21.1"]
[White "Aronian, Levon"]
[Black "Carlsen, Magnus"]
[Result "1/2-1/2"]
[WhiteTitle "GM"]
[BlackTitle "GM"]
[WhiteElo "2805"]
[BlackElo "2837"]
[WhiteFideId "13300474"]
[BlackFideId "1503014"]
[EventDate "2017.12.29"]

1. d4 Nf6 2. Nf3 d5 3. c4 e6 4. Nc3 a6 5. cxd5 exd5 6. Bg5 Be6 7. e3 Nbd7 8. Bd3
Bd6 9. Bf4 Qe7 10. O-O O-O 11. h3 Rfe8 12. Qc2 1/2-1/2

[Event "Mondiale Lampo FIDE 2017"]
[Site "Riyadh"]
[Date "30.12.2017"]
[Round "21.2"]
[White "Grischuk, Alexander"]
[Black "Karjakin, Sergey"]
[Result "0-1"]
[WhiteTitle "GM"]
[BlackTitle "GM"]
[WhiteElo "2772"]
[BlackElo "2760"]
[WhiteFideId "4126025"]
[BlackFideId "14109603"]
[EventDate "2017.12.29"]

1. Nf3 d5 2. d3 Nf6 3. Nbd2 c5 4. e4 Nc6 5. g3 e5 6. Bg2 Be7 7. O-O O-O 8. exd5
Nxd5 9. Re1 f6 10. c3 Kh8 11. Nh4 Be6 12. f4 Bf7 13. f5 g5 14. fxg6 hxg6 15. Nc4
Kg7 16. Be4 f5 17. Nxf5+ gxf5 18. Bxf5 Rh8 19. Qf3 Nf6 20. Nxe5 Nxe5 21. Rxe5
Bd6 22. Bf4 Bxe5 23. Bxe5 Re8 24. Re1 Rxe5 25. Rxe5 Qd6 26. Qf4 Rd8 27. Qg5+ Kf8
28. Be6 Re8 29. Qh6+ Ke7 30. Bc4+ Qxe5 0-1

[Event "Mondiale Lampo FIDE 2017"]
[Site "Riyadh"]
[Date "30.12.2017"]
[Round "21.5"]
[White "Petrosian, Tigran L."]
[Black "Svidler, Peter"]
[Result "1/2-1/2"]
[WhiteTitle "GM"]
[BlackTitle "GM"]
[WhiteElo "2601"]
[BlackElo "2765"]
[WhiteFideId "13301616"]
[BlackFideId "4102142"]
[EventDate "2017.12.29"]

1. Nf3 Nf6 2. g3 g6 3. Bg2 d5 4. O-O Bg7 5. d4 O-O 6. c4 c6 7. cxd5 cxd5 8. Nc3
Ne4 9. Ne5 Nxc3 10. bxc3 Nc6 11. Nxc6 bxc6 12. Qa4 Qb6 13. Ba3 Qa6 14. Qxa6 Bxa6
15. Rfe1 Rfe8 16. e3 1/2-1/2

[Event "Mondiale Lampo FIDE 2017"]
[Site "Riyadh"]
[Date "30.12.2017"]
[Round "21.7"]
[White "Korobov, Anton"]
[Black "Nepomniachtchi, Ian"]
[Result "1-0"]
[WhiteTitle "GM"]
[BlackTitle "GM"]
[WhiteElo "2652"]
[BlackElo "2729"]
[WhiteFideId "14105730"]
[BlackFideId "4168119"]
[EventDate "2017.12.29"]

1. d4 Nf6 2. c4 g6 3. Nc3 d5 4. cxd5 Nxd5 5. e4 Nxc3 6. bxc3 Bg7 7. Nf3 c5 8.
Be3 Qa5 9. Nd2 O-O 10. Nb3 Qc7 11. Nxc5 Nd7 12. Na4 a6 13. Qd2 b5 14. Nb2 Bb7
15. f3 Rac8 16. c4 f5 17. exf5 gxf5 18. cxb5 axb5 19. Bxb5 Nb6 20. O-O Nd5 21.
Bc4 Kh8 22. Bxd5 Bxd5 23. Nd3 Qc3 24. Ne5 Qxd2 25. Bxd2 Rc2 26. Bb4 Bxa2 27.
Rfc1 Rfc8 28. Rxc2 Rxc2 29. Bxe7 Bh6 30. Re1 Kg8 31. h4 Bf4 32. Bg5 Bg3 33. Rd1
Kg7 34. Nd3 Bc4 35. h5 Bxd3 36. Rxd3 h6 37. Bd2 Ra2 38. Kf1 Ra1+ 39. Ke2 Rg1 40.
f4 Rxg2+ 41. Kf3 1-0

[Event "Mondiale Lampo FIDE 2017"]
[Site "Riyadh"]
[Date "30.12.2017"]
[Round "21.9"]
[White "Artemiev, Vladislav"]
[Black "Li, Chao b"]
[Result "1/2-1/2"]
[WhiteTitle "GM"]
[BlackTitle "GM"]
[WhiteElo "2691"]
[BlackElo "2732"]
[WhiteFideId "24101605"]
[BlackFideId "8604436"]
[EventDate "2017.12.29"]

1. d4 Nf6 2. Bg5 d5 3. Nd2 g6 4. Ngf3 Bg7 5. e3 Nbd7 6. Be2 b6 7. O-O Bb7 8. a4
a5 9. c3 O-O 10. h3 Re8 11. Bf4 Ne4 12. Nxe4 dxe4 13. Nd2 e5 14. Bh2 Qe7 15. Qb3
Rad8 16. Rfd1 Ba8 17. Bb5 c6 18. Be2 exd4 19. cxd4 c5 20. d5 Be5 21. Bxe5 Qxe5
22. Nc4 Qg5 23. d6 Bd5 24. Qb5 Bxc4 25. Bxc4 Ne5 26. Rd5 Qf6 27. Be2 Re6 28.
Qxb6 Rexd6 29. Rxd6 Rxd6 30. Qxa5 Nd3 31. Bxd3 Rxd3 32. Qxc5 Rd2 33. Qc8+ Kg7
34. Qc3 Rxb2 35. Qxf6+ Kxf6 36. a5 Rb7 37. a6 Ra7 38. Kh2 g5 39. Ra5 Kg6 40. h4
h6 41. Kg3 f5 42. Kh3 Kf6 43. g4 f4 44. hxg5+ hxg5 45. exf4 gxf4 46. Rf5+ Kg6
47. Rxf4 e3 48. Ra4 Kg5 49. fxe3 Rxa6 50. Rf4 Re6 51. Rf5+ Kg6 52. Rf3 Kg5 53.
Kg3 Re4 54. Rf5+ Kg6 55. Kf3 Ra4 56. e4 Ra1 57. e5 Re1 58. Kf4 Rf1+ 59. Ke4 Rg1
60. Rf6+ Kg5 61. Rf8 Rxg4+ 62. Kd5 Ra4 63. Rc8 Kg6 64. Kd6 Ra6+ 65. Rc6 Ra7 66.
Rc7 Ra6+ 67. Kd5 Ra5+ 68. Rc5 Ra7 69. Ke6 Kg7 70. Rd5 Ra6+ 71. Ke7 Ra8 72. e6
Ra7+ 73. Rd7 Ra8 74. Rd8 Ra7+ 75. Kd6 Ra6+ 76. Ke7 Ra7+ 77. Rd7 Ra8 78. Rb7 Kg6
79. Rd7 Kg7 80. Rc7 Kg6 81. Kd6 Ra6+ 82. Kd7 Ra8 83. Rc1 Ra7+ 84. Kd8 Kf6 85.
Re1 Ra8+ 86. Kd7 Ra7+ 87. Kc8 Ra8+ 88. Kc7 Ra7+ 89. Kd6 Ra6+ 90. Kd7 Ra7+ 91.
Kd8 Ra8+ 1/2-1/2

[Event "Mondiale Lampo FIDE 2017"]
[Site "Riyadh"]
[Date "30.12.2017"]
[Round "21.10"]
[White "Amin, Bassem"]
[Black "Leko, Peter"]
[Result "1/2-1/2"]
[WhiteTitle "GM"]
[BlackTitle "GM"]
[WhiteElo "2689"]
[BlackElo "2691"]
[WhiteFideId "10601457"]
[BlackFideId "703303"]
[EventDate "2017.12.29"]

1. d4 Nf6 2. Nf3 e6 3. c4 d5 4. Nc3 Bb4 5. Bg5 h6 6. Bxf6 Qxf6 7. e3 O-O 8. Qc2
dxc4 9. Bxc4 c5 10. O-O cxd4 11. Nxd4 1/2-1/2

[Event "Mondiale Lampo FIDE 2017"]
[Site "Riyadh"]
[Date "30.12.2017"]
[Round "21.11"]
[White "Jobava, Baadur"]
[Black "Le, Quang Liem"]
[Result "0-1"]
[WhiteTitle "GM"]
[BlackTitle "GM"]
[WhiteElo "2690"]
[BlackElo "2737"]
[WhiteFideId "13601520"]
[BlackFideId "12401137"]
[EventDate "2017.12.29"]

1. b3 e5 2. Bb2 Nc6 3. e3 g6 4. h4 Nf6 5. Bb5 d6 6. Ne2 Bg7 7. d4 exd4 8. Nxd4
Bd7 9. Nxc6 bxc6 10. Bd3 h5 11. Nc3 O-O 12. Qd2 a5 13. O-O-O c5 14. f3 a4 15.
Kb1 axb3 16. axb3 Be6 17. Qe2 Qe7 18. Bc4 Rfb8 19. e4 Bxc4 20. Qxc4 Rb4 21. Nd5
Nxd5 22. Qxd5 Rab8 23. e5 dxe5 24. Qd7 Qf8 25. Qxc7 c4 26. Bc3 e4 27. Bxb4 Qxb4
28. Rd8+ Rxd8 29. Qxd8+ Kh7 30. Qa8 cxb3 31. Rd1 bxc2+ 0-1

[Event "Mondiale Lampo FIDE 2017"]
[Site "Riyadh"]
[Date "30.12.2017"]
[Round "21.12"]
[White "Salem, A.R. Saleh"]
[Black "Savchenko, Boris"]
[Result "0-1"]
[WhiteTitle "GM"]
[BlackTitle "GM"]
[WhiteElo "2638"]
[BlackElo "2566"]
[WhiteFideId "9301348"]
[BlackFideId "4147332"]
[EventDate "2017.12.29"]

1. d4 Nf6 2. c4 g6 3. Nc3 d5 4. cxd5 Nxd5 5. e4 Nxc3 6. bxc3 Bg7 7. Be3 c5 8.
Rc1 Qa5 9. Qd2 cxd4 10. cxd4 Nc6 11. Qxa5 Nxa5 12. Nf3 O-O 13. Bb5 a6 14. Bd3 f5
15. e5 Be6 16. Ke2 Nc6 17. Bc4 Bxc4+ 18. Rxc4 Rfd8 19. Rb1 h6 20. h4 e6 21. Ne1
Bf8 22. Nd3 Rab8 23. a4 Kf7 24. g3 Be7 25. Nf4 g5 26. hxg5 hxg5 27. Nd3 Rdc8 28.
Rbc1 Rd8 29. f3 Rbc8 30. g4 f4 31. Bf2 Bf8 32. Bg1 Ne7 33. Nc5 Rb8 34. Ne4 Kg6
35. Rb1 Nd5 36. Bf2 Be7 37. Rc2 Kf7 38. Rcb2 b6 39. Rc2 Rdc8 40. Rxc8 Rxc8 41.
Kd3 Nb4+ 42. Ke2 Rc2+ 43. Kf1 Nd5 44. Ra1 Kg6 45. Rb1 Bb4 46. Rb3 Ra2 47. Rb1
Rc2 48. Rb3 a5 49. Rb1 Be7 50. Ra1 Bb4 51. Rb1 Ne3+ 52. Kg1 Nc4 53. Kg2 Nd2 54.
Nxd2 Bxd2 55. Kf1 Bb4 56. Be1 Rc4 57. Bf2 Rc3 58. Kg2 Rc2 59. Kf1 Ra2 60. Rc1
Rxa4 61. Rc6 Kf7 62. Rxb6 Ra1+ 63. Ke2 Ra2+ 64. Kf1 Rd2 65. Rb7+ Ke8 66. Ra7 Ra2
67. Kg1 Ra1+ 68. Kg2 a4 69. d5 Ra2 70. d6 Rxf2+ 71. Kg1 Bc5 72. Re7+ Kd8 73.
Rxe6 a3 0-1

[Event "Mondiale Lampo FIDE 2017"]
[Site "Riyadh"]
[Date "30.12.2017"]
[Round "21.13"]
[White "Mamedov, Rauf"]
[Black "Quparadze, Giga"]
[Result "1-0"]
[WhiteTitle "GM"]
[BlackTitle "GM"]
[WhiteElo "2709"]
[BlackElo "2506"]
[WhiteFideId "13401653"]
[BlackFideId "13602250"]
[EventDate "2017.12.29"]

1. e4 c5 2. Nf3 e6 3. b3 Nc6 4. Bb2 d6 5. d4 cxd4 6. Nxd4 Nf6 7. Nd2 Bd7 8. c4
Nxd4 9. Bxd4 Bc6 10. Bd3 Nd7 11. O-O Ne5 12. Bc2 Ng6 13. Re1 e5 14. Bb2 Be7 15.
Nf1 Bg5 16. Ba3 Be7 17. Ne3 O-O 18. Nf5 Re8 19. Bxd6 Bxd6 20. Nxd6 Rf8 21. b4
Qg5 22. Qf3 Qd2 23. Qd3 Qxb4 24. Reb1 Qc5 25. Nxb7 Bxb7 26. Rxb7 Nf4 27. Qe3
Qxc4 28. Bb3 Qc6 29. Rb4 Qd6 30. Rc4 Ne6 31. Rd1 Nd4 32. Rcc1 Rac8 33. Bd5 Rxc1
34. Rxc1 Kh8 35. h3 h6 36. Rb1 f5 37. Kh2 f4 38. Qc3 h5 39. Rb7 f3 40. Qc7 Qxc7
41. Rxc7 fxg2 42. Kxg2 a6 43. Re7 Nf3 44. Bf7 1-0

[Event "Mondiale Lampo FIDE 2017"]
[Site "Riyadh"]
[Date "30.12.2017"]
[Round "21.14"]
[White "Bu, Xiangzhi"]
[Black "Dreev, Aleksey"]
[Result "1/2-1/2"]
[WhiteTitle "GM"]
[BlackTitle "GM"]
[WhiteElo "2730"]
[BlackElo "2653"]
[WhiteFideId "8601445"]
[BlackFideId "4100107"]
[EventDate "2017.12.29"]

1. Nf3 d5 2. d4 Nf6 3. c4 c6 4. Nc3 e6 5. e3 Nbd7 6. Qc2 b6 7. Be2 Bb7 8. O-O
Bd6 9. b3 O-O 10. e4 dxe4 11. Nxe4 Nxe4 12. Qxe4 Nf6 13. Qh4 c5 14. Rd1 Ne4 15.
Qxd8 Rfxd8 16. Bb2 cxd4 17. Bxd4 Ba3 18. Kf1 f6 19. Rd3 e5 20. Be3 Rxd3 21. Bxd3
Rd8 22. Ne1 Nc3 23. Bc1 Bxc1 24. Rxc1 Nxa2 25. Ra1 Nb4 26. Be2 a5 27. c5 bxc5
28. Rxa5 Rc8 29. Bc4+ Kf8 30. Nd3 Nxd3 31. Bxd3 Bd5 32. b4 c4 33. Rxd5 cxd3 34.
Rxd3 Rc1+ 35. Ke2 Rb1 36. Rd8+ Kf7 37. Rd7+ Kg6 38. Rb7 Rb2+ 39. Ke3 Rb3+ 40.
Ke2 Rb2+ 41. Ke3 Rb3+ 42. Ke2 Rb2+ 43. Ke3 Rb3+ 44. Ke4 1/2-1/2

[Event "Mondiale Lampo FIDE 2017"]
[Site "Riyadh"]
[Date "30.12.2017"]
[Round "21.15"]
[White "Fedoseev, Vladimir3"]
[Black "Adly, Ahmed"]
[Result "0-1"]
[WhiteTitle "GM"]
[BlackTitle "GM"]
[WhiteElo "2718"]
[BlackElo "2637"]
[WhiteFideId "24130737"]
[BlackFideId "10601619"]
[EventDate "2017.12.29"]

1. d4 Nf6 2. c4 e6 3. Nf3 d5 4. g3 dxc4 5. Bg2 Nbd7 6. Qa4 a6 7. Nc3 Be7 8. Qxc4
b5 9. Qd3 Bb7 10. O-O c5 11. b3 O-O 12. Bb2 Rc8 13. Rfd1 Qa5 14. e4 cxd4 15.
Nxd4 Nc5 16. Qe3 b4 17. Nd5 exd5 18. Nf5 Rce8 19. exd5 Nxd5 20. Qh6 Ne6 21. Bxg7
Bg5 22. Qh5 Ndf4 23. gxf4 Qxf5 24. fxg5 Nxg7 25. Qh4 Bxg2 26. Kxg2 Re4 27. Qh3
Rg4+ 0-1

[Event "Mondiale Lampo FIDE 2017"]
[Site "Riyadh"]
[Date "30.12.2017"]
[Round "21.16"]
[White "Pantsulaia, Levan"]
[Black "Rapport, Richard"]
[Result "1-0"]
[WhiteTitle "GM"]
[BlackTitle "GM"]
[WhiteElo "2612"]
[BlackElo "2707"]
[WhiteFideId "13602071"]
[BlackFideId "738590"]
[EventDate "2017.12.29"]

1. Nf3 c5 2. c4 Nc6 3. Nc3 g6 4. e3 Bg7 5. d4 d6 6. d5 Ne5 7. Nxe5 Bxe5 8. e4
Nf6 9. Bd3 h6 10. O-O g5 11. f4 gxf4 12. Bxf4 Ng4 13. Qf3 h5 14. Be2 f6 15. h3
Bd4+ 16. Kh1 Bd7 17. Rab1 Qb6 18. Nb5 Bxb5 19. cxb5 O-O-O 20. b3 Rdg8 21. a4 Kd8
22. Rbd1 Ne5 23. Bxe5 dxe5 24. Rc1 Qa5 25. Qd3 Rg5 26. Rc4 Rhg8 27. Bf3 Qc7 28.
b4 b6 29. a5 Qd7 30. axb6 Rg3 31. Kh2 axb6 32. bxc5 Bxc5 33. Rxc5 bxc5 34. b6
Ke8 35. Bxh5+ Kf8 36. Bf3 f5 37. Qc3 Qb5 38. Qxe5 Qxf1 39. Qxf5+ Ke8 40. Bh5+ 1-0

[Event "Mondiale Lampo FIDE 2017"]
[Site "Riyadh"]
[Date "30.12.2017"]
[Round "21.17"]
[White "Harikrishna, Pentala"]
[Black "Rakhmanov, Aleksandr"]
[Result "1-0"]
[WhiteTitle "GM"]
[BlackTitle "GM"]
[WhiteElo "2744"]
[BlackElo "2653"]
[WhiteFideId "5007003"]
[BlackFideId "4173708"]
[EventDate "2017.12.29"]

1. c4 d6 2. Nc3 Nf6 3. g3 g6 4. Bg2 Bg7 5. e4 O-O 6. Nge2 c6 7. O-O a6 8. d4 b5
9. cxb5 axb5 10. e5 Ne8 11. Nxb5 Ba6 12. Nbc3 dxe5 13. dxe5 Qxd1 14. Rxd1 Bxe5
15. Bf4 Bxe2 16. Nxe2 Bxf4 17. Nxf4 Nd6 18. Nd3 Rc8 19. Rdc1 Ra7 20. a4 Kf8 21.
b4 e6 22. Ne5 Rac7 23. Rc3 f6 24. Rd1 Ke7 25. Nd3 Ra7 26. Nc5 Nb7 27. Nxb7 Rxb7
28. b5 Rb6 29. Bf1 Rb7 30. a5 Ra7 31. a6 Nd7 32. bxc6 Nb8 33. Rb1 Rxc6 34. Rxc6
Nxc6 35. Rb6 Nd8 36. Bb5 Rc7 37. Kg2 f5 38. h4 h6 39. Rb8 Ra7 40. Kf3 g5 41. h5
Rc7 42. Ke3 Rc3+ 43. Kd4 Ra3 44. Kc5 Nf7 45. Rb7+ Kf6 46. a7 Ne5 47. f4 gxf4 48.
gxf4 Nf3 49. Rd7 e5 50. Rd6+ Ke7 51. Ra6 Rc3+ 52. Bc4 Nd2 53. a8=Q Rxc4+ 54. Kb5 1-0

[Event "Mondiale Lampo FIDE 2017"]
[Site "Riyadh"]
[Date "30.12.2017"]
[Round "21.18"]
[White "Esipenko, Andrey"]
[Black "Vidit, Santosh Gujrathi"]
[Result "0-1"]
[WhiteTitle "FM"]
[BlackTitle "GM"]
[WhiteElo "2564"]
[BlackElo "2715"]
[WhiteFideId "24175439"]
[BlackFideId "5029465"]
[EventDate "2017.12.29"]

1. d4 Nf6 2. c4 e6 3. Nf3 d5 4. Nc3 Bb4 5. e3 O-O 6. Bd2 b6 7. cxd5 exd5 8. Bd3
Bb7 9. O-O Nbd7 10. Ne5 Bxc3 11. Bxc3 Ne4 12. Nxd7 Qxd7 13. Bb4 Rfe8 14. Rc1 a5
15. Be1 Nd6 16. Qf3 c6 17. Qe2 Re6 18. f3 Rae8 19. Bf2 h6 20. b3 R6e7 21. Qd2
Qc8 22. Rfe1 Qd7 23. Qc2 Nb5 24. a4 Nc7 25. Qd2 Ba6 26. Bb1 Ne6 27. Kh1 c5 28.
dxc5 Nxc5 29. Bc2 Qe6 30. Red1 Rd7 31. b4 axb4 32. Qxb4 Rc8 33. Bb1 Rdc7 34. Qa3
Bc4 35. h3 Ra8 36. Bc2 Nxa4 37. Qb4 Nc5 38. Rb1 b5 39. e4 Na6 40. Qa5 Rcc8 41.
Re1 Qg6 42. Qd2 Qc6 43. exd5 Qxd5 44. Qf4 Nc5 45. Bf5 Re8 46. Red1 Ne6 47. Qg4
Qe5 48. Bg3 Qf6 49. Bh4 g5 50. Bg3 h5 51. Qe4 Ng7 52. Bh7+ Kh8 53. Qc2 Re2 54.
Rd2 Rxd2 55. Qxd2 Kxh7 0-1

[Event "Mondiale Lampo FIDE 2017"]
[Site "Riyadh"]
[Date "30.12.2017"]
[Round "21.19"]
[White "Akobian, Varuzhan"]
[Black "Kasimdzhanov, Rustam"]
[Result "1/2-1/2"]
[WhiteTitle "GM"]
[BlackTitle "GM"]
[WhiteElo "2647"]
[BlackElo "2683"]
[WhiteFideId "13300580"]
[BlackFideId "14200244"]
[EventDate "2017.12.29"]

1. d4 Nf6 2. c4 e6 3. Nf3 d5 4. Nc3 c6 5. e3 Nbd7 6. Qc2 g6 7. b3 Bg7 8. Bb2 O-O
9. Be2 b6 10. O-O Bb7 11. Rfd1 Qe7 12. Rac1 Rfe8 13. h3 Rad8 14. a3 a5 15. Na4
Rc8 16. Qd2 Ne4 17. Qe1 c5 18. Ne5 cxd4 19. exd4 Nef6 20. Bf3 Rb8 21. Nxd7 Nxd7
22. cxd5 Qd6 23. Nc3 exd5 24. Qf1 Rbc8 25. Nb5 Qf4 26. Rxc8 Rxc8 27. Rc1 Nf6 28.
Rxc8+ Bxc8 29. Qc1 Qxc1+ 30. Bxc1 Ne4 31. Be3 f5 32. Be2 Bd7 33. f3 Nf6 34. a4
Kf7 35. Kf2 Ke7 36. g4 Ne8 37. Bd3 fxg4 38. hxg4 Bxb5 39. Bxb5 Nc7 40. Ke2 Nxb5
41. axb5 h5 42. Kf2 Ke6 43. Kg3 Bf6 44. Kh3 Bd8 45. Kg3 Be7 46. Kh3 Kf7 47. Kg3
Bf6 48. Kh3 Bd8 49. Kg3 Ke6 50. Kh3 Bf6 51. Kg3 Be7 52. Kh3 Kf6 53. Kg3 Bd6+ 54.
Kh3 Kf7 55. Kh4 Be7+ 56. Kh3 Ke6 57. Kg3 Bf6 58. Kh3 Be7 59. Kg3 Bd8 60. Kh3 Bf6
61. Kg3 1/2-1/2

[Event "Mondiale Lampo FIDE 2017"]
[Site "Riyadh"]
[Date "30.12.2017"]
[Round "21.20"]
[White "Amonatov, Farrukh"]
[Black "Ponomariov, Ruslan"]
[Result "0-1"]
[WhiteTitle "GM"]
[BlackTitle "GM"]
[WhiteElo "2636"]
[BlackElo "2694"]
[WhiteFideId "14700077"]
[BlackFideId "14103320"]
[EventDate "2017.12.29"]

1. e4 d6 2. d4 Nf6 3. Nc3 g6 4. Bg5 Bg7 5. Qd2 h6 6. Bh4 O-O 7. O-O-O c6 8. f4
b5 9. e5 b4 10. exf6 bxc3 11. Qxc3 exf6 12. Nf3 Qb6 13. Bd3 Na6 14. a3 Nc7 15.
f5 Rb8 16. fxg6 Nd5 17. Qb3 Qxb3 18. gxf7+ Kxf7 19. cxb3 Rxb3 20. Bc4 Rb6 21.
Bg3 Rd8 22. Rhe1 Bf5 23. Rf1 Be6 24. Nh4 Bf8 25. Nf5 a5 26. Rde1 h5 27. Bh4 Rdb8
28. Re2 Bxf5 29. Rxf5 Kg6 30. Bd3 Bh6+ 31. Kd1 Kg7 32. Rxd5 cxd5 33. Re7+ Kf8
34. Bxf6 Rxb2 35. Bg6 0-1

[Event "Mondiale Lampo FIDE 2017"]
[Site "Riyadh"]
[Date "30.12.2017"]
[Round "21.21"]
[White "Zhigalko, Sergei"]
[Black "Safarli, Eltaj"]
[Result "1-0"]
[WhiteTitle "GM"]
[BlackTitle "GM"]
[WhiteElo "2641"]
[BlackElo "2639"]
[WhiteFideId "13502956"]
[BlackFideId "13402129"]
[EventDate "2017.12.29"]

1. e4 e5 2. Nf3 Nc6 3. Bb5 a6 4. Ba4 d6 5. O-O Bd7 6. c3 Nf6 7. Re1 Be7 8. h3
O-O 9. d4 Re8 10. Nbd2 Bf8 11. a3 g6 12. Bc2 Bg7 13. Nf1 Nh5 14. Be3 h6 15. Qd2
g5 16. Ng3 Nf4 17. Nf5 Bxf5 18. exf5 e4 19. Nh2 Nd5 20. h4 Nxe3 21. Rxe3 d5 22.
hxg5 Qxg5 23. Qe2 Qxf5 24. f3 Qg5 25. fxe4 Nxd4 26. cxd4 Bxd4 27. Re1 Bxe3+ 28.
Qxe3 Qxe3+ 29. Rxe3 dxe4 30. Bxe4 Kf8 31. Kf2 Rad8 32. Nf3 c6 33. Ke2 Rd6 34.
Bd3 Rxe3+ 35. Kxe3 Ke7 36. b4 c5 37. bxc5 Rd5 38. c6 bxc6 39. Bxa6 Ra5 40. Bd3
Rxa3 41. Ne5 c5 42. Ke4 f6 43. Nc4 Ra2 44. Ne3 h5 45. Bc4 Rd2 46. Nd5+ Kd6 47.
Ne3 Rb2 48. Bf7 h4 49. Nc4+ Ke7 50. Nxb2 Kxf7 51. Kf5 Ke7 52. Nc4 Kf7 53. Ne3
Kg7 54. Kg4 Kg6 55. Kxh4 f5 56. Kg3 Kg5 57. Kf3 f4 58. Nd5 c4 59. Nxf4 c3 60.
Nd3 c2 61. g4 Kg6 62. Kf4 Kf6 63. g5+ Kg6 64. Kg4 Kg7 65. Kf5 Kf7 66. g6+ Kg7
67. Kg5 Kg8 68. Kf6 Kf8 69. g7+ Kg8 70. Nc1 1-0

[Event "Mondiale Lampo FIDE 2017"]
[Site "Riyadh"]
[Date "30.12.2017"]
[Round "21.22"]
[White "Kravtsiv, Martyn"]
[Black "Bacrot, Etienne"]
[Result "0-1"]
[WhiteTitle "GM"]
[BlackTitle "GM"]
[WhiteElo "2672"]
[BlackElo "2725"]
[WhiteFideId "14113147"]
[BlackFideId "605506"]
[EventDate "2017.12.29"]

1. e4 e6 2. d4 d5 3. Nd2 Be7 4. Ngf3 Nf6 5. Bd3 dxe4 6. Nxe4 Nbd7 7. O-O Nxe4 8.
Bxe4 Nf6 9. Bd3 O-O 10. Qe2 Bd7 11. Rd1 h6 12. b3 a5 13. c4 a4 14. Bb2 Qc8 15.
Ne5 Rd8 16. Bc2 Be8 17. Rab1 axb3 18. axb3 c5 19. dxc5 Qxc5 20. Re1 Ra2 21. h3
Qa7 22. Nd3 Bc6 23. Nc1 Ra5 24. b4 Rg5 25. Bxf6 Rxg2+ 26. Kf1 Rh2 27. Qe3 Rh1+
28. Ke2 Qxe3+ 29. fxe3 Rh2+ 30. Kf1 Bxf6 31. Ne2 Bh4 32. Kg1 0-1

[Event "Mondiale Lampo FIDE 2017"]
[Site "Riyadh"]
[Date "30.12.2017"]
[Round "21.23"]
[White "Howell, David W L"]
[Black "Laznicka, Viktor"]
[Result "0-1"]
[WhiteTitle "GM"]
[BlackTitle "GM"]
[WhiteElo "2676"]
[BlackElo "2647"]
[WhiteFideId "410608"]
[BlackFideId "316385"]
[EventDate "2017.12.29"]

1. e4 c6 2. Nc3 d5 3. Nf3 Bg4 4. h3 Bxf3 5. Qxf3 e6 6. Be2 Nf6 7. O-O Nbd7 8. d4
dxe4 9. Nxe4 Be7 10. Rd1 O-O 11. c3 a5 12. Bf4 Nxe4 13. Qxe4 Nf6 14. Qc2 Nd5 15.
Bd2 b5 16. a4 Qb6 17. Bf3 Rfd8 18. g3 Rab8 19. Kg2 Rd7 20. h4 Bf6 21. h5 h6 22.
Qe4 b4 23. Be2 c5 24. c4 Ne7 25. dxc5 Qxc5 26. Be3 Qc8 27. Rxd7 Qxd7 28. Rd1
Qxa4 29. Bf4 Rc8 30. Rd6 Nf5 31. Ra6 Qd7 32. b3 Qd4 33. Qb7 Rf8 34. Rxa5 Qb2 35.
Bd1 Qb1 36. Bg4 Qxb3 37. Bxf5 exf5 38. c5 Bd4 39. Rb5 Qc2 40. Qf3 Bxc5 41. Be3
Bxe3 42. Qxe3 Qc6+ 0-1